[Event "London Classic 2nd"]
[Site "London"]
[Date "2010.12.09"]
[Round "2"]
[White "Carlsen, Magnus"]
[Black "Adams, Michael"]
[Result "1-0"]
[WhiteElo "2802"]
[BlackElo "2723"]
[Annotator "Marin,Mihail"]
[PlyCount "97"]
[EventDate "2010.12.06"]
[EventType "tourn"]
[EventRounds "7"]
[EventCountry "ENG"]
[EventCategory "19"]
[SourceTitle "CBM 140"]
[Source "ChessBase"]
[SourceDate "2011.01.18"]
[SourceVersion "1"]
[SourceVersionDate "2011.01.18"]
[SourceQuality "1"]

1. c4 {Ftacnik,Lubomir} Nf6 2. Nc3 e5 3. Nf3 Nc6 4. g3 Bc5 5. Bg2 d6 6. O-O O-O 7. d3 a6 {In this line, Black usually plays ...h6 in the move range from 7 to 9. In doing so, he aims to prevent both g5 and g5, which can be annoying under certain circumstances. It is worth mentioning that in his days of glory, Karpov himself used to play ...h6 at an early stage when employing this system of development.} 8. a3 {For the time being, it is best to keep developing, keepning both aforementioned threats in reserve.} (8. Bg5 {does not lead anywhere after} h6 9. Bxf6 Qxf6 10. Ne4 Qe7 11. Nxc5 dxc5 {Gulko,B (2620)-Waitzkin,J (2440)/Modesto 1995/CBM 051/[Ribli] (1/2, 34)}) ({RR} 8. Bg5) 8... Ba7 ({RR} 8... Nd4 9. Nd2 c6 10. b4 Ba7 11. Bb2 Bf5 12. e3 Ne6 ({RR} 12... Bxd3 13. exd4 Bxf1 14. Qxf1 Bxd4 15. Rd1) 13. Nf3 h6 ({RR} 13... Qd7 14. Ne4 Nxe4 15. dxe4 Bxe4 16. Nxe5) 14. Qb3 Qd7 ({RR} 14... Bxd3 15. Rfd1 Bh7 ({RR} 15... e4 16. Ne1 Qe7 17. Nxd3 exd3 18. Rxd3) 16. c5 d5 17. Nxe5) 15. Rad1 Bg4 16. Rd2 Rad8 17. Rc1 Bxf3 18. Bxf3 d5 19. cxd5 cxd5 20. Na4 ({RR} 20. Ne2 Ng5 21. Bg2 Qf5) 20... d4 ({RR} 20... Ng5 21. Bg2 Qf5 22. Nc5) 21. Nc5 ({RR} 21. e4 Rc8) 21... Qe7 ({RR} 21... Nxc5 22. bxc5 dxe3 23. fxe3 Qe7 ({RR} 23... e4 24. Bxf6) 24. d4 e4 25. Bg2) 22. Rdc2 ({RR} 22. exd4 Nxd4 23. Bxd4 Rxd4 24. Nxb7 e4) 22... dxe3 23. fxe3 {Gelfand,B (2700)-Karpov,A (2765) Sanghi Nagar 1995 CBM 045 [Ftacnik,Lubomir] 0-1 (36)}) ({RR} 8... h6 9. b4 ({RR} 9. e3 Ba7 10. b4 Be6 11. Qc2 Qd7 12. Rd1 Rab8 13. Bb2 b5 14. cxb5 axb5 15. Rac1 Ne7 16. d4 exd4 17. Nxd4 Bc4 18. Nce2 d5 19. Nf3 Qf5 20. Qxf5 Nxf5 21. Ned4 Nxd4 22. Nxd4 Bxd4) 9... Ba7 10. Bb2 Bg4 ({RR} 10... Be6 11. Nd2 d5 12. cxd5 Nxd5 13. Rc1 Nxc3 14. Bxc3 Bd5 15. Bxd5 Qxd5 16. Qb3 Rad8 17. a4 Rfe8 18. b5 axb5 19. axb5 Ne7 20. Ba5 Qxb3 21. Nxb3 Rd5 22. Bxc7 Rxb5 23. Nd2 Rb2 24. Ba5) 11. h3 Be6 12. Kh2 Rb8 13. Nd2 Qd7 14. Nd5 Ne8 15. Qa4 Nd4 16. Qxd7 Bxd7 17. e3 Ne6 18. Ne7+ Kh7 19. c5 dxc5 20. Nc4 Ba4 21. Be4+ Kh8 22. Bxe5 Nf6 23. Bf5) 9. b4 Be6 {Black keeps refraining from ...h6.} ({White's play in the following game, which I had extensively annotated for my English Opening CD published by ChessBase, bears some similarity with Carlsen's later play:} 9... h6 10. e3 Be6 11. Re1 Qd7 12. Rb1 Rad8 (12... e4 13. dxe4 Bxc4 14. Nd2 Bd3 15. Rb3 {d5}) 13. Qc2 Ne7 {'This is a standard maneovre: the knight is going to g6, like in a Ruy Lopez (with reversed colours, of course) creating threats on the kingside and making play in the centre possible with c6, d5. There is a future hope for a7 too: the diagonal b8-h2 might become available. '} (13... e4 $2 14. Nxe4 $16) 14. a4 Bh3 15. Bh1 Ng4 16. a5 f5 $6 {'Black is impatient to launch an attack against the white king, but neglects the defence on the other wing.'} ({After} 16... c6 $142 {it would have been more difficult for White to make progress. For instance, after} 17. b5 axb5 18. cxb5 f5 19. a6 bxa6 20. bxa6 {the far advanced pawn is fully compensated for by Black's domination in the centre.}) 17. b5 $36 {Portisch,L (2595)-Garcia Palermo,C (2440)/Reggio Emilia 1992/EXT 2000 (1-0, 60)}) ({RR} 9... Nd4 10. Nd2 Rb8 11. e3 Nc6 12. Bb2 Bf5 13. Nde4 Nxe4 14. dxe4 Be6 15. Nd5 Ne7 16. c5 f6 17. cxd6 Qxd6 18. Rc1 Nxd5 19. exd5 Bd7 20. Qc2 Rbc8 21. Rfd1 Bb6 22. Qb3 a5 23. Bc3 a4 24. Qb2 {Stribuk,A (2437)-Sahib,S (2430) chess.com INT 2025 ½-½ (68)}) 10. Nd2 $146 {A new move, the point of which I fail to understand. White not only gives up the possibility of g5, thus allowing Black to save a tempo (...h6), but also allows an immediate opening of the centre.} (10. Bb2 Qd7 (10... Ne7 11. Ng5 Bc8 12. e3 h6 13. Nf3 {Spiridonov,N (2400)-Therkildsen,T (2145)/Nice 2000/EXT 2001 (1-0, 21)}) ({With the knight on f3,} 10... d5 $6 {loses a pawn to} 11. cxd5 Nxd5 12. Nxd5 Bxd5 13. e4 {, but under the given circumstances, 11.g5 also looks unpleasant for Black.}) 11. Rc1 Rac8 (11... Bh3 12. Nd5 Nxd5 13. Bxh3 Qxh3 14. cxd5 Ne7 15. e4 Rac8 16. d4) 12. e3 {White has played his usual moves in this line and Black may have to finally transpose to the main lines with 12...h6, preparing ...h3 and/or ...h7.} Bh3 {offers White pleasant play on the light squares:} 13. Bxh3 Qxh3 14. Ng5 Qh6 (14... Qd7 {is a bit passive and can be met by} 15. Qf3 $5) ({The queen is exposed after} 14... Qf5 15. Nge4) 15. Nge4 Nxe4 16. dxe4 $14 {The a7-bishop is passive, there is no kingside attack available and the control over the d5-square offers White a pleasant domination.}) ({If White intends to carry out the game plan, he can start with} 10. Rb1 {, when} d5 {remains unappealing for Black because of} 11. Ng5 $1) ({RR} 10. Bb2 Qd7 11. Ng5 Rab8 12. Nxe6 fxe6 13. e3 Kh8 14. b5 Ne7 15. a4 a5 16. d4 exd4 17. exd4 Nf5 18. Ne2 Qf7 19. Rc1 Rfd8 20. Qd3 c6 21. Bc3 Bb6 22. bxc6 bxc6 23. Qd2 Qc7 24. Nf4 Re8 {Silseth,S (2207)-Madevan Vaishnavi,Y (1808) Karlstad SWE 2024 1-0 (39)}) ({RR} 10. Bb2 Rb8 11. Rc1 Ne7 12. Qd2 b5 13. cxb5 axb5 14. d4 exd4 15. Nxd4 Bd7 16. Ne4 Nxe4 17. Bxe4 d5 18. Bb1 Nc8 19. Qc2 g6 20. Qxc7 Qxc7 21. Rxc7 Bh3 22. Rd1 Bb6 23. Rcc1 Nd6 24. Nc6 Rbe8 {Plantet,S (2328)-Alba,L Agneaux 2000 1-0}) 10... Rb8 {By defending the b7-pawn, Black intends to prepare the thematic transfer of his queen's knight to g6.} ({Black probably had better chances to get even chances with the ambitious} 10... d5 {, for instance} 11. cxd5 Nxd5 12. Bb2 Nxc3 13. Bxc3 Bd5 14. Bxd5 Qxd5 15. Qb3 Rad8 {White will prepare his queenside attack with a4 and b5, but Black's control over the d4-square (the bishop is better placed than on e7, as in the Reversed Dragon 4...d5) offers him good counterchances.}) 11. Rb1 {White anticipates the opponent's plan and prepares a massive queenside attack, in a similar way as Portisch did in the aforementioned game.} ({The bishop would obviously stand in the way after} 11. Bb2) 11... Ne7 12. a4 Qd7 13. b5 Bh3 14. Ba3 {We see that Carlsen's plans for the bishop were more ambitious than the stereotypical b2. The pressure along the a3-f8 diagonal is quite annoying.} (14. e3 $5 h6 15. Ba3 {may have been a more restrictive move order.}) 14... h6 {Finally, Black plays this move anyway. There was no threat on g5 anymore, but in order to get a kingside attack started, ...h7 followed by ...f5 is necessary.} (14... Bd4 {comes into account.} 15. Nce4 (15. Qb3 {takes the queen away from the kingside, offering Black chances for counterplay:} Bxg2 16. Kxg2 axb5 17. axb5 Ng4) 15... Nxe4 {Since the h7-squeare is not available, the knight does not have good retreats.} (15... Ne8 $2 16. Bxh3 Qxh3 17. bxa6 $18) (15... Nh5 $2 16. e3 $18) (15... Bxg2 16. Nxf6+ gxf6 17. Kxg2 $16) 16. dxe4 $14 {We have reached a familiar structure, which tends to favour White. The bishop is not stable on d4 and is likely to cause more losses of time.}) 15. e3 Bxg2 16. Kxg2 Bc5 {A radical way of neutralising the enemy bishop and avoiding problems with his own. Possibly, the weakening of the pawn structure is too high a price to pay.} ({Black had no time for} 16... Nh7 $6 {because of} 17. a5 {, threatening to trap the bishop with b6.} Bc5 (17... Rbc8 18. Qa4 {also offers White a strong queenside initiative.}) 18. Bxc5 dxc5 {is even less appealing now because of} 19. Nde4 {and Black cannot defend c5 under favourable circumstances.}) ({Against a neutral move such as} 16... Rfe8 {, White can carry out a familiar plan:} 17. Nde4 Nxe4 (17... Nh7 $6 18. c5 $1 d5 19. b6 $1 {opens the position to White's favour.}) 18. dxe4 $14) 17. Bxc5 dxc5 18. Nf3 {The plan chosen by Carlsen, based on e3-e4, does not look too natural.} ({The maneuvre} 18. Nde4 Nxe4 19. dxe4 {would once again led to a more pleasant position for White, at no risk.} Qe6 (19... Qxd1 $6 20. Rfxd1 {leaves Black with problems keeping the b- and d-file defended at the same time.} axb5 {hardly is a solution because of} 21. Nxb5 $1 c6 22. Na7 $1 {The knight is not in danger here, because White threatens to eliminate the b7-pawn with d7xb7, after which the knight is likely to escape via c6 (after grabbing another pawn)} b6 23. Rd7 $16 {Black loses most of his queenside pawns.} Rfe8 $6 24. a5 $1 $18) 20. Qe2 axb5 21. axb5 $14 {White's knight is more active and he also disposes over more space. The permanent threat of d5 keeps the black knight immobile on e7. The attempt to generate counterplay with} f5 $6 {only offers White the e4-square.} 22. exf5 Nxf5 23. b6 c6 (23... cxb6 24. Nd5 $16) 24. Ne4 Qg6 25. Kh1 Nh4 26. Nd2 Nf5 27. Nb3 $16) 18... Qe6 19. e4 {Even though Black's knights cannot reach d4 very quickly, the weakness of this square restricts White's active possibilities. White probably thought that he would be able to play d5, underestimating Black's answer.} c6 $1 20. Qb3 Rbd8 21. bxa6 bxa6 22. Qc2 Ng6 {[%cal Gg6f4]} 23. Ng1 Rb8 24. a5 Nd7 25. Na4 Qd6 26. Ne2 Qc7 27. Qc3 Rfd8 {Black is well regrouped and White is too busy keeping his d3- and a5-pawns defended to be able to take advantage of the chronic weakness of the c5-square.} 28. Rxb8 {Giving up the control of the b-file for the sake of a kingside attack is a double-edged decision.} Rxb8 29. f4 exf4 (29... Rb7 $5 {[%cal Gc7b8] Seirawan}) 30. gxf4 Qd6 31. Kh1 {Somehow, White's position looks too chaotic to make the prospectes of an attack realistic. Black is well regrouped and has easy play.} Rb4 32. Qc2 Nh4 ({There is no obvious refutation of the pawn grabbing} 32... Qc7 33. Nac3 Qxa5 34. Rg1 Kh7 35. Qd1 Rb2 36. Qf1 Ngf8 37. Qg2 g6 38. f5 Ne5 39. Qg3 Qc7 {The weakness of the d4-square results in an almost absolute stability of the knight on e5, allowing Black to keep his position together. In the long run, the a-pawn may well decide the game.}) 33. Nac3 Qg6 34. Ng3 Nf6 35. e5 Nh5 36. Nxh5 Qxh5 37. Ne4 {White has somehow managed to regroup properly, but his king is vulnerable, which should allow Black to keep the balance even.} Kh8 $2 {Defending against a non-exisent (yet) threat, while the c5-pawn was in danger already. Instead, Black should have prepared ...h3, in order to cause White some problems with his own king.} (37... Nf5 $5 38. Qg2 (38. Qf2 $2 Qh3 {...b2,  ...xd3} 39. Rd1 Rb2 $1 40. Qxb2 Qf3+ 41. Kg1 Qxd1+ 42. Kf2 Qxd3 $19) 38... Qh4 $132 {[%cal Gf5e3]}) (37... Qf5 $5 $132 38. Nxc5 $2 (38. Qe2 $142 Qh3 $132) 38... Qh3 $17 39. Re1 (39. Qf2 $2 Rb2 $1) (39. Rf2 $2 Qe3 $19) 39... Qf3+ 40. Kg1 Qxf4 $17) 38. Qf2 Nf5 39. Nxc5 $16 {Now it is practically over. The d3-pawn is defended by the knight and White can easily parry Black's one-move threats.} Qh3 {[%cal Gf5g3]} 40. Re1 Nh4 41. Qg3 Qxg3 42. hxg3 Nf3 43. Rf1 Nd4 44. Kg2 Ne6 45. Nxa6 Ra4 46. f5 Ng5 47. Nc7 Kg8 (47... Rxa5 48. e6 Re5 49. d4 Re2+ 50. Rf2 Re1 51. d5 $18) 48. a6 Kf8 49. Kf2 1-0

[Event "Grand Slam Final 3rd"]
[Site "Bilbao"]
[Date "2010.10.13"]
[Round "4"]
[White "Carlsen, Magnus"]
[Black "Kramnik, Vladimir"]
[Result "1/2-1/2"]
[WhiteElo "2826"]
[BlackElo "2780"]
[Annotator "Kramnik,Vladimir"]
[PlyCount "138"]
[EventDate "2010.10.09"]
[EventType "tourn"]
[EventRounds "6"]
[EventCountry "ESP"]
[EventCategory "22"]
[SourceTitle "CBM 139"]
[Source "ChessBase"]
[SourceDate "2010.11.18"]
[SourceVersion "1"]
[SourceVersionDate "2010.11.18"]
[SourceQuality "1"]

1. c4 e5 2. Nc3 Nf6 3. Nf3 Nc6 4. g3 d5 5. cxd5 Nxd5 6. Bg2 Nb6 7. O-O Be7 8. d3 O-O 9. Be3 Re8 (9... Be6 {is more common. ist geläufiger.}) 10. Rc1 Bf8 11. Ne4 Nd4 12. Bg5 (12. Nc5 {is the most popular move here. ist der beliebteste Zug an dieser Stelle.}) 12... f6 13. Nxd4 exd4 14. Bd2 Be6 (14... c6 15. b4 Be6) 15. b4 $146 (15. Nc5 Bxc5 16. Rxc5 c6 $11 { d5}) ({RR} 15. a4 Nd5 16. Nc5 Bxc5 17. Rxc5 c6 18. b4 Rc8 19. Qa1 b6 20. Rc2 c5 21. bxc5 bxc5 22. Rfc1 Qd6 23. a5 Nb4 24. Rb2 Bg4 25. h3 Bf5 26. Bf4 Qd7 27. g4 Bg6 28. a6 Re6 29. Bb7 Rce8 {Krejci,J (2570)-Nguyen,T (2546) Prague 2019 1-0 (36)}) 15... Bd5 (15... Bxa2 $6 16. Nc5 $14 Bd5 17. Nxb7 Qd7 18. Nc5 Bxc5 19. Rxc5) 16. a4 c6 (16... f5 {is enough for equality probably as well. reicht wahrscheinlich auch zum Ausgleich.} 17. Ng5 (17. Nc5 Bxg2 18. Kxg2 Qd5+ 19. Kg1 a5 $1) 17... Bxg2 18. Kxg2 Qd5+ 19. Nf3 c5 (19... Bd6) 20. bxc5 Bxc5 21. Rb1 Nd7 22. Qb3 Qxb3 23. Rxb3 b6 24. Re1 a5) 17. a5 (17. Re1 f5 (17... a6) 18. Nc5 Bxg2 19. Kxg2 Qd5+ 20. Kg1 a5 21. bxa5 Bxc5 22. axb6 Bxb6 23. Rb1 Ra6 $11) 17... Nc8 (17... Nd7 18. b5 $1 cxb5 $140 19. Nd6 $1) 18. Re1 $6 (18. a6 {is risky, but had to be played, at least it is the logical continuation of White's previous move. ist riskant, musste aber gespielt werden, zumindest ist es die logische Fortsetzung des vorigen weißen Zuges.} b5 (18... bxa6) 19. e3 $13) 18... a6 $1 {Now Black takes the initiative, transfering his knight to b5, blocking White's play on the queenside. Nun ergreift Schwarz die Initiative, indem er seinen Springer nach b5 überführt, was das weiße Spiel am Damenflügel blockiert.} 19. Nc5 (19. Qc2 Na7 $1) 19... Bxg2 20. Kxg2 Qd5+ 21. Kg1 Nd6 22. Qb3 Qxb3 23. Nxb3 Nb5 24. Kf1 Rad8 25. Rc4 Rd5 26. Bc1 Red8 27. Bb2 Kf7 28. Kg2 (28. Nd2 Nc7 $1 {White should not allow this manoeuvre. Weiß sollte dieses Manöver nicht zulassen.} 29. Rb1 Ne6 { b5 sometimes.  b5 gelegentlich.}) 28... h5 {Black is in full control of the position, but it is very difficult to break through. Schwarz hat die Stellung fest im Griff, allerdings ist es sehr schwer durchzubrechen.} 29. h3 g5 30. g4 Kg6 31. Rf1 Be7 {No need to hurry. Kein Grund zur Eile.} (31... f5 $6 32. gxf5+ Kxf5 33. e4+ $1 dxe3 34. fxe3+ Kg6 35. Re4 Rxd3 36. Re6+ Kh7 37. Rf7+ Kg8 38. Rxb7) 32. f4 (32. Rh1 $15 {Probably it was safer just to stay, although Black can slowly try to improve his position. Vermutlich war es sicherer, einfach auf der Stelle zu treten, obwohl Schwarz langsam versuchen kann, seine Stellung zu verbessern.} f5 33. gxf5+ Kxf5 34. Rg1 Ke6) 32... hxg4 33. hxg4 gxf4 34. Rxf4 Bd6 {Now Black has some chances due to the better mobility of his remaining pieces. Nun hat Schwarz aufgrund der besseren Mobilität seiner verbleibenden Figuren ein paar Chancen.} 35. Rf3 Rg5 {Tempting, but the computer prefers Verlockend, aber der Computer bevorzugt} (35... Re8 36. Kf1 Be5 37. Rh3 Rd7 $15) 36. Bxd4 {A very strange decision. Eine sehr seltsame Entscheidung.} ({After Nach} 36. Nxd4 $142 Rxg4+ 37. Kf2 {White should hold without much trouble: sollte sich Weiß ohne große Mühe halten:} Nxd4 38. Bxd4 f5 39. Bc3) 36... Rxg4+ 37. Kf2 Nxd4 38. Nxd4 Rh8 {It's getting hot for White. Langsam wird es heiß für Weiß.} 39. e4 Rh2+ 40. Ke3 Rb2 $6 {Again the most tempting, but probably not the best. Wieder am verlockendsten, aber womöglich nicht am besten.} (40... Rgg2 $1 41. Nf5 Be5 42. d4 Bb8 $17) 41. Nc2 $6 (41. Rc2 $1 Rxb4 42. Nf5 Be5 43. Rf1 {and strangely enough, the computer claims that White is ok here. und seltsamerweise behauptet der Computer, dass die weiße Stellung hier okay ist.}) 41... Rg5 $1 {White is in serious trouble now. Jetzt ist Weiß in ernsthaften Schwierigkeiten.} (41... Rg2 42. Rf2) 42. d4 Rb5 {Logical and good enough, but there was an even better move: Logisch und gut genug, aber es gab einen noch besseren Zug:} (42... Rg4 $1 {This strange, but very strong possibility did not cross my mind, but seems to be just winning; White is losing his e-pawn: Diese seltsame, aber sehr starke Möglichkeit kam mir nicht in den Sinn, scheint aber einfach zu gewinnen; Weiß verliert seinen e-Bauern:} 43. Kd2 (43. Rc3 Rg2 44. Kd3 Bxb4) 43... Rb1 44. Kd3 Rb3+ 45. Rc3 Rxc3+ 46. Kxc3 Rxe4 $19) 43. Kd3 Bxb4 44. Rxb4 R5xb4 45. Nxb4 Rb3+ 46. Ke2 Rxb4 {On playing xb4, I thought this should be a winning rook endgame, but in fact things are not so simple. Bei xb4 dachte ich, dies sollte ein gewonnenes Turmendspiel sein, tatsächlich aber ist die Sache nicht so einfach.} 47. Rg3+ {There is no need to push Black's king where it goes anyway. Es ist nicht nötig, den schwarzen König dahin zu treiben, wohin er sowieso geht.} (47. Rd3 $142 Rb5 48. Ra3) 47... Kf7 48. Rd3 Ke6 49. Ke3 Rb5 50. Ra3 c5 $1 (50... f5 {was suggested as an improvement by various commentators, but does not seem to be true: wurde von verschiedenenen Kommentatoren als Verbesserung vorgeschlagen, aber dies scheint nicht zu stimmen:} 51. exf5+ Rxf5 52. Ra4 Rb5 (52... Kd6 53. Kd3 Rb5 54. Kc4) 53. Kd3 Kd5 54. Kc3 {and I could not see how to proceed now, seems to be just a draw. und jetzt konnte ich nicht sehen, wie es weitergehen soll, scheint einfach remis zu sein.} Rb1 55. Kc2 Rb5 56. Kc3 Kd6) 51. dxc5 Rxc5 $2 {Just an automatic reply and in fact a very serious mistake, missing the victory: Einfach ein automatischer Reflex und tatsächlich ein ganz schwerer Fehler, der den Sieg ausslässt:} (51... Ke5 $1 {After this move it seems to me that Black is winning in all lines. Nach diesem Zug scheint mir, dass Schwarz in allen Abspielen gewinnt.} 52. Rc3 (52. Ra4 $145 $5 {(Mueller,Karsten)}) 52... Rxa5 53. Kd3 (53. c6 bxc6 54. Rxc6 Ra3+ 55. Kd2 Ra4 56. Kc2 a5 {similar to the main variation ähnlich der Hauptvariante.}) 53... Rb5 54. c6 bxc6 55. Rxc6 Rb3+ 56. Kc4 Ra3 57. Kb4 Ra1 58. Kb3 a5 59. Kc2 a4 60. Ra6 a3 61. Ra4 a2 62. Kb2 Re1 63. Kxa2 Rxe4 {winning, the white king is too far away. mit Gewinn, der weiße König ist zu weit weg.}) 52. Kf4 {I thought I would be able to kick the king away from f4 and get mine to e5 somehow, but it is not realisable in fact. Ich dachte, ich würde irgendwie in der Lage sein, den König von f4 zu vertreiben und meinen nach e5 zu bringen, tatsächlich aber ist das nicht machbar.} Rh5 53. Rb3 Rb5 (53... Rh4+ 54. Kg3 Rxe4 55. Rxb7 {should be drawish. sollte remislich sein.}) 54. Ra3 Kd6 55. Ra1 Kc6 56. Ke3 (56. Ra2 {was actually even simpler. war sogar noch einfacher.}) 56... f5 {This seems to be Black's best chance here, but it's not enough anyway. Dies scheint hier die beste Chance für Schwarz zu sein, aber es reicht trotzdem nicht.} 57. exf5 Rxf5 58. Kd3 Rf3+ 59. Kc4 Rf4+ 60. Kc3 (60. Kb3 $2 {loses after verliert nach} Kb5 61. Kc3 Ra4 62. Rb1+ Kc6) 60... Kc5 61. Rh1 $1 Rf3+ 62. Kc2 $1 (62. Kb2 Kb4 63. Rh7 Rb3+ 64. Kc2 Ka4) 62... Ra3 63. Rh7 Kc6 64. Rh6+ Kc7 65. Rh7+ Kb8 66. Rh8+ Ka7 67. Rh5 Re3 68. Kb2 Kb8 69. Rc5 Re6 1/2-1/2